| 000 | 00526nas a2200193 4500 | ||
|---|---|---|---|
| 001 | 000037021 | ||
| 003 | DLC | ||
| 005 | 20240917111441.0 | ||
| 008 | 120208c20069999dr mr1p dd 0 0spa d | ||
| 040 |
_aDO-SdBNP _bspa _cBNPHU |
||
| 043 | _anwdr | ||
| 245 | 0 | 0 | _aBoletÃn ciudad. |
| 260 |
_aSanto Domingo : _bCiudad Alternativa, _c2006. |
||
| 300 |
_av. : _bil. ; _c28 cm. |
||
| 310 | _aMensual | ||
| 362 | 1 | _aNo. 1. (octubre 2006) | |
| 500 | _aCatalogación realizada a partir del No. 1. (octubre 2006) | ||
| 942 |
_2ddc _cISSUE |
||
| 999 |
_c36511 _d36511 |
||